| 000 | 00766nam a2200229 a 4500 | ||
|---|---|---|---|
| 001 | BRCA_403 | ||
| 005 | 20190320203008.0 | ||
| 008 | 850117s1983 mx-a---###---#000-0#spa-# | ||
| 020 | _a9685807000 | ||
| 040 |
_aDLC _cDLC _dDLC |
||
| 050 | 4 |
_aND250 _b.C37 1983 |
|
| 100 | 1 |
_aCarrillo y Gariel, Abelardo _91363 |
|
| 245 | 1 | 0 |
_aTécnica de la pintura de Nueva España _cAbelardo Carrillo y Gariel. |
| 250 | _a2 | ||
| 260 |
_aMéxico _bUNAM, Instituto de Investigaciones Estéticas _c1983 |
||
| 300 |
_a203 p. _bil. _c23 cm. |
||
| 500 | _aIncluye índice alfabético y de láminas | ||
| 500 | _aContiene 92 p. de láminas | ||
| 500 | _aAl final de la obra omisiones y erratas del libro | ||
| 650 | 1 | 4 |
_aPintura mexicana _xÉpoca colonial 1521-1821 _91364 |
| 942 |
_2lcc _cB |
||
| 999 |
_c338 _d338 |
||